Sesión extraordinaria, pública y solemne celebrada en honor de Don Pedro Calderón de la Barca : (Record no. 20479)

MARC details
000 -LEADER
campo de control de longitud fija 01300nam a2200265 i 4500
001 - NÚMERO DE CONTROL
campo de control 20479
003 - IDENTIFICADOR DE NÚMERO DE CONTROL
campo de control ES-MaACL
005 - FECHA Y HORA DE LA ÚLTIMA TRANSACCIÓN
campo de control 20250209063045.0
007 - CAMPO FIJO DE DESCRIPCIÓN FÍSICA--INFORMACIÓN GENERAL
campo de control de longitud fija t|
008 - DATOS DE LONGITUD FIJA--INFORMACIÓN GENERAL
campo de control de longitud fija 021113s1881 sp ||||1| spa d
040 ## - FUENTE DE CATALOGACIÓN
Centro catalogador/agencia de origen ES-BaCBU
Centro/agencia modificador ES-MaACL
080 ## - NÚMERO DE LA CLASIFICACIÓN DECIMAL UNIVERSAL
Número de la Clasificación Decimal Universal 821.134.2Calderón de la Barca, Pedro.09
100 1# - ENTRADA PRINCIPAL--NOMBRE DE PERSONA
Nombre de persona Vargas y Arévalo, Julián
Término indicativo de función/relación Autor
9 (RLIN) 239599
245 10 - MENCIÓN DEL TÍTULO
Título Sesión extraordinaria, pública y solemne celebrada en honor de Don Pedro Calderón de la Barca :
Mención de responsabilidad, etc. el 26 de mayo de 1881 con la recepción del académico numerario Don Julián de Vargas
260 ## - PUBLICACIÓN, DISTRIBUCIÓN, ETC.
Lugar de publicación, distribución, etc. Cádiz :
Nombre del editor, distribuidor, etc. Imprenta de la Revista Médica, de D. Federico Joly,
Fecha de publicación, distribución, etc. 1881
300 ## - DESCRIPCIÓN FÍSICA
Extensión 83 p. ;
Dimensiones 22 cm.
500 ## - NOTA GENERAL
Nota general En portada: Real Academia Gaditana de Ciencias y Letras
500 ## - NOTA GENERAL
Nota general Incluye: Discurso en contestación al de recepción del académico electo D. Julián Vargas y Arévalo / por el académico Salvador Valera y Freüller
600 14 - PUNTO DE ACCESO ADICIONAL DE MATERIA--NOMBRE DE PERSONA
Nombre de persona Calderón de la Barca, Pedro-
Subdivisión general Crítica e interpretación
9 (RLIN) 33614
700 ## - ENTRADA AGREGADA--NOMBRE PERSONAL
Nombre de persona Valera y Freüller, Salvador,
Fechas asociadas al nombre 1833-1901
9 (RLIN) 239509
Término indicativo de función/relación Colaborador
710 2# - ENTRADA AGREGADA--NOMBRE DE ENTIDAD CORPORATIVA
9 (RLIN) 6340
Nombre de entidad corporativa o nombre de jurisdicción como elemento de entrada Real Academia Gaditana de Ciencias y Letras
852 ## - LOCALIZACIÓN
Ubicación ES-MaACL
Número de control de estantería T-422-F-7
Nota libre .- Enc. en un vol. facticio falto de la cub. original
Ubicación en estantería Depósito folletos
942 ## - ELEMENTOS DE ENTRADA SECUNDARIOS (KOHA)
Fuente del sistema de clasificación o colocación Clasificación decimal universal
Tipo de ítem Koha Folleto
Suprimir en OPAC No
Holdings
Estatus retirado Estado de pérdida Estado de daño No para préstamo Colección Biblioteca de origen Biblioteca actual Ubicación en estantería Fecha de adquisición Fuente de adquisición Total de préstamos Signatura topográfica completa Código de barras Visto por última vez Precio de reemplazo Tipo de ítem Koha
        Colección de folletos Biblioteca del Ateneo de Madrid Biblioteca del Ateneo de Madrid Depósito folletos 17/01/2008     T-422-F-7 1021021 23/02/2023 23/02/2023 Folleto